[Event "Tres Cantos op 3rd"]
[Site "Tres Cantos"]
[Date "2011.06.23"]
[Round "2"]
[White "Lopez Perez, Inigo"]
[Black "Garcia Martin, Juan Miguel"]
[Result "1/2-1/2"]
[WhiteElo "1727"]
[BlackElo "1932"]
[PlyCount "130"]
[EventDate "2011.06.22"]
[EventType "swiss"]
[EventRounds "9"]
[EventCountry "ESP"]
[SourceTitle "EXT 2012"]
[Source "ChessBase"]
[SourceDate "2011.11.24"]
[SourceVersion "1"]
[SourceVersionDate "2011.11.24"]
[SourceQuality "1"]

1. d4 Nf6 2. c4 e5 3. dxe5 Ng4 4. Bf4 Nc6 5. Nf3 Bb4+ 6. Nbd2 Qe7 7. e3 Ngxe5 8. Nxe5 Nxe5 9. Be2 b6 10. a3 Bxd2+ 11. Qxd2 Bb7 12. f3 Qh4+ 13. Bg3 Qf6 14. 0-0 d6 15. b4 0-0 16. Rac1 Rfd8 17. Qe1 a5 18. Bh4 g5 19. f4 gxh4 20. fxe5 Qxe5 21. Qxh4 Qxe3+ 22. Qf2 Qxf2+ 23. Rxf2 axb4 24. axb4 Ra2 25. Rcf1 Re8 26. Bh5 Rxf2 27. Kxf2 Kg7 28. Kg1 Re7 29. h3 f6 30. Rf4 Re5 31. Bg4 Re1+ 32. Kf2 Rb1 33. b5 Rb2+ 34. Be2 h5 35. g4 h4 36. Rf5 Rb3 37. Bf3 Bxf3 38. Rxf3 Rb4 39. Rc3 Rb1 40. Kf3 Re1 41. Re3 Rxe3+ 42. Kxe3 Kf7 43. Ke4 Ke6 44. Kf4 d5 45. cxd5+ Kxd5 46. Kf5 c5 47. bxc6 Kxc6 48. Kxf6 b5 49. g5 b4 50. g6 b3 51. g7 b2 52. g8Q b1Q 53. Qc4+ Kd6 54. Qd4+ Kc6 55. Qxh4 Qf1+ 56. Ke5 Qa1+ 57. Kf5 Qb1+ 58. Qe4+ Qxe4+ 59. Kxe4 Kd6 60. Kf5 Ke7 61. Kg6 Kf8 62. Kh7 Kf7 63. h4 Kf8 64. h5 Kf7 65. h6 Kf8 1/2-1/2

[Event "Madrid Oliver Gonzalez Memorial 1st"]
[Site "Madrid"]
[Date "2010.10.10"]
[Round "2"]
[White "De la Orden Alcocer, Alejandro"]
[Black "Garcia Martin, Juan Miguel"]
[Result "1/2-1/2"]
[WhiteElo "1798"]
[BlackElo "2009"]
[PlyCount "39"]
[EventDate "2010.10.09"]
[EventType "swiss"]
[EventRounds "9"]
[EventCountry "ESP"]
[SourceTitle "CBM 138 Extra"]
[Source "ChessBase"]
[SourceDate "2010.10.29"]
[SourceVersion "1"]
[SourceVersionDate "2010.10.29"]
[SourceQuality "1"]

1. d4 Nf6 2. c4 e5 3. dxe5 Ng4 4. Nf3 Bc5 5. e3 Nc6 6. a3 Ngxe5 7. Nxe5 Nxe5 8. Qd5 d6 9. b4 c6 10. Qe4 f5 11. Qf4 Ng6 12. Qf3 Bb6 13. Bb2 0-0 14. Nd2 f4 15. e4 Ne5 16. Bxe5 dxe5 17. c5 Bc7 18. Bc4+ Kh8 19. Rd1 Qg5 20. h3 1/2-1/2

[Event "Madrid Oliver Gonzalez Memorial 1st"]
[Site "Madrid"]
[Date "2010.10.09"]
[Round "1"]
[White "Garcia Martin, Juan Miguel"]
[Black "Del Rio de Angelis, Salvador Gabriel"]
[Result "0-1"]
[WhiteElo "2009"]
[BlackElo "2515"]
[PlyCount "63"]
[EventDate "2010.10.09"]
[EventType "swiss"]
[EventRounds "9"]
[EventCountry "ESP"]
[SourceTitle "CBM 138 Extra"]
[Source "ChessBase"]
[SourceDate "2010.10.29"]
[SourceVersion "1"]
[SourceVersionDate "2010.10.29"]
[SourceQuality "1"]

1. d4 e6 2. Nf3 Nf6 3. Bf4 b6 4. e3 Bb7 5. c4 Bb4+ 6. Nbd2 0-0 7. Be2 d5 8. 0-0 a5 9. a3 Be7 10. Ne5 c5 11. dxc5 bxc5 12. cxd5 exd5 13. Qb3 Qc8 14. Rac1 a4 15. Qc2 Qe6 16. h3 Bd6 17. Ndf3 Ne4 18. Nd3 c4 19. Nde5 Qe8 20. Rfd1 Na6 21. Ng4 Nac5 22. Bxd6 Nxd6 23. Nd4 Nde4 24. f3 Ng3 25. Kf2 Nxe2 26. Kxe2 Nd3 27. Rb1 f5 28. Nh2 f4 29. Nf1 Qg6 30. Kd2 fxe3+ 31. Nxe3 Qh6 32. Re1 0-1

[Event "Internet Section 06A g/8'+2\""]
[Site "Dos Hermanas"]
[Date "2004.03.06"]
[Round "1"]
[White "Garcia Martin, Juan Miguel"]
[Black "Lemanczyk, Thomas"]
[Result "1/2-1/2"]
[WhiteElo "1749"]
[BlackElo "2226"]
[PlyCount "118"]
[EventDate "2004.03.06"]
[EventType "swiss (blitz)"]
[EventRounds "9"]
[EventCountry "ESP"]
[SourceTitle "CBM 099 Extra"]
[Source "ChessBase"]
[SourceDate "2004.05.04"]
[SourceVersion "1"]
[SourceVersionDate "2004.05.04"]
[SourceQuality "1"]

1. d4 e6 2. c4 b6 3. Nc3 f5 4. e3 Bb7 5. Nf3 Nf6 6. d5 Bd6 7. Be2 0-0 8. 0-0 a6 9. dxe6 dxe6 10. b3 Qe7 11. Bb2 Nbd7 12. Qc2 Nc5 13. Rad1 Rad8 14. h3 Nfe4 15. b4 Nxc3 16. Bxc3 Ne4 17. a3 Nxc3 18. Qxc3 c5 19. bxc5 bxc5 20. Ne5 f4 21. Bf3 Bxf3 22. Nxf3 Qb7 23. exf4 Rxf4 24. Ng5 Qe7 25. Nf3 e5 26. Rfe1 Qf6 27. Qd2 e4 28. Qd5+ Kf8 29. Rxe4 Rxf3 30. Re6 Bh2+ 31. Kxh2 Rxd5 32. Rxf6+ Rxf6 33. Rxd5 Rxf2 34. Rxc5 Rc2 35. Rc6 a5 36. Ra6 Rxc4 37. Rxa5 Kf7 38. Ra7+ Kg6 39. a4 h5 40. a5 Ra4 41. a6 h4 42. Ra8 Kg5 43. a7 Kg6 44. Rh8 Rxa7 45. Rxh4 Ra2 46. Rf4 Rb2 47. Rf3 Ra2 48. Kg3 Rb2 49. Rf2 Rb3+ 50. Kg4 Rb4+ 51. Rf4 Rb2 52. g3 Rb3 53. Kh4 Ra3 54. g4 Rb3 55. Rc4 Ra3 56. Rc6+ Kh7 57. Rc5 Rb3 58. Rh5+ Kg6 59. Rh8 Ra3 1/2-1/2

[Event "Internet Section 16-A"]
[Site "Dos Hermanas"]
[Date "2003.03.16"]
[Round "2"]
[White "Garcia Martin, Juan Miguel"]
[Black "Mardell, Jimmy"]
[Result "0-1"]
[WhiteElo "2012"]
[BlackElo "2050"]
[PlyCount "62"]
[EventDate "2003.03.16"]
[EventType "swiss (blitz)"]
[EventRounds "9"]
[EventCountry "ESP"]
[SourceTitle "EXT 2004"]
[Source "ChessBase"]
[SourceDate "2003.11.25"]
[SourceVersion "1"]
[SourceVersionDate "2003.11.25"]
[SourceQuality "1"]

1. d4 Nf6 2. c4 c5 3. d5 b5 4. cxb5 a6 5. bxa6 g6 6. Nc3 Bxa6 7. e4 Bxf1 8. Kxf1 d6 9. Nf3 Bg7 10. Qc2 0-0 11. h3 Nbd7 12. Kg1 Ra6 13. Kh2 Qa8 14. Re1 e6 15. Bg5 exd5 16. Bxf6 Nxf6 17. exd5 Nxd5 18. Nxd5 Qxd5 19. a3 Rb8 20. Rad1 Qc6 21. b3 Rxa3 22. Nd2 d5 23. Rc1 Qd6+ 24. Kh1 Bh6 25. Ra1 Bxd2 26. Qxd2 Raxb3 27. Ra7 d4 28. Ree7 Rb1+ 29. Re1 c4 30. g3 c3 31. Qe2 d3 0-1

[Event "Collado Villalba op 17th"]
[Site "Collado Villalba"]
[Date "2000.08.23"]
[Round "2"]
[White "Garcia Martin, Juan Miguel"]
[Black "Pogorelov, Ruslan"]
[Result "0-1"]
[WhiteElo "2048"]
[BlackElo "2445"]
[PlyCount "84"]
[EventDate "2000.08.22"]
[EventType "swiss"]
[EventRounds "9"]
[EventCountry "ESP"]
[SourceTitle "EXT 2001"]
[Source "ChessBase"]
[SourceDate "2000.11.22"]
[SourceVersion "1"]
[SourceVersionDate "2000.11.22"]
[SourceQuality "1"]

1. e4 c5 2. Nf3 Nc6 3. c3 d5 4. exd5 Qxd5 5. d4 e6 6. Be2 cxd4 7. cxd4 Nf6 8. 0-0 Be7 9. Nc3 Qd6 10. Nb5 Qd8 11. Bf4 Nd5 12. Bg3 0-0 13. Nc3 Nxc3 14. bxc3 Bf6 15. Bd3 b6 16. Be4 Bb7 17. Rc1 Qd7 18. Qc2 g6 19. Rfd1 Na5 20. Ne5 Qe7 21. Bxb7 Qxb7 22. Rd3 Rac8 23. Rf3 Bg7 24. Qd2 Nc4 25. Qe2 Qd5 26. Re1 Nxe5 27. Bxe5 Bxe5 28. dxe5 Rfd8 29. Kf1 Rc4 30. a3 Ra4 31. Qb2 Qc4+ 32. Kg1 Qc5 33. Qc1 Rxa3 34. Qf4 Rd7 35. Rh3 Rxc3 36. Rh4 Rc2 37. Rf1 Qf8 38. Qe3 Rcd2 39. Qh3 R7d3 40. f3 Qc5+ 41. Kh1 Rd1 42. g3 Qf2 0-1